01223 a2200181 45000010006000000050017000060080041000230030015000640400040000790800117001192450093002362500012003292640035003413000019003765050617003950410008010121000021010205480020260407155824.0260407a1972 arg spa dAR-UNSa-BCEJYS aAR-UNSa-BCEJYSbspacAR-UNSa-BCEJYS a316.42xCambio social en sociedades globales. Desarrollo social. Sociología del desarrollo (Desarrollo Humano)10aEl hombre unidimensionalpensayo sobre la ideología de la sociedad industrial avanzada a9a. ed. 1aBarcelona :bSeix Barralc1972 a286 p.c18 cm. aI. La sociedad unidimensional - 1. Las nuevas formas de control - 2. El cierre del universo político - 3. La conquista de la conciencia desgraciada: Una desublimación represiva - 4. El cierre del universo del discurso - 5. El pensamiento negativo: La lógica de protesta derrotada - 6. Del pensamiento negativo al positivo: La racionalidad tecnológica y la lógica de la dominación - 7. El triunfo del pensamiento positivo: La filosofía unidimensional - II. La posibilidad de las alternativas - 8. El compromiso histórico de la filosofía - 9. La catástrofe de la liberación - 10. Conclusión aspa1 aMarcuse, Herbert